| 000 | 01666cam a22004574i 4500 | ||
|---|---|---|---|
| 003 | PE-LiUPU | ||
| 005 | 20250731173057.0 | ||
| 008 | 150623s r 000 0 d | ||
| 020 | _a0817010963 | ||
| 035 | _a(Sirsi) i9780817010966 | ||
| 040 |
_aPE-LiUPU _bspa _cPE-LiUPU _erda |
||
| 049 | _aPRUA | ||
| 082 | 0 | 4 |
_a268.01 _bH21 _221 |
| 100 | 1 |
_aHanson, Grant W., _eautor. |
|
| 245 | 1 | 0 |
_aFoundations for the teaching church : _bChristian faith, personal nurture, and church life / _cGrant W. Hanson. |
| 264 | 1 |
_aValley Forge, PA : _bJudson Press, _c1986. |
|
| 300 |
_a94 páginas ; _c22 centímetros |
||
| 336 |
_atext _2rdacontent |
||
| 337 |
_aunmediated _2rdamedia |
||
| 338 |
_avolume _2rdacarrier |
||
| 504 | _aIncluye bibliografía. | ||
| 505 | 0 | _aThe concept of the teaching church. -Jesus Christ: the foundation. -The biblical foundation. -The continuing work of the Holy Spirit. -The teaching -learning process. -Woeship and celebration. -Faith heritage. | |
| 526 | _aSEG42 | ||
| 526 | _aSEG41 | ||
| 526 | _aSEG40 | ||
| 526 | _aSEG39 | ||
| 526 | _aP94 | ||
| 526 | _aP87 | ||
| 526 | _aP86 | ||
| 526 | _aP85 | ||
| 526 | _aP77 | ||
| 526 | _aP76 | ||
| 526 | _aP35 | ||
| 650 | 0 | 4 |
_aEducación cristiana _xFilosofía. |
| 942 |
_2ddc _cBOOK |
||
| 949 |
_a268.01 H21 _wDEWEY _c1 _i48634 _lCCODEBUL1 _mBUL _r0 _sY _tBOOK _u2015-6-24 _xTEOLOGIA _PP35 _0COMPRA _o.STAFF. Colección General |
||
| 994 |
_aC0 _bPEPRU |
||
| 596 | _a1 | ||
| 999 |
_a268.01 H21 _wDEWEY _c27804 _i48634 _f2021-11-10 _g5 _lCCODEBUL1 _mBUL _r0 _sY _tBOOK _u2015-6-24 _xTEOLOGIA _PP35 _0COMPRA _o.STAFF. Colección General _d27804 |
||
| 980 |
_81 _gALBERTO SANCHEZ Responsable de Automatización |
||